000 00870nam a22002177a 4500
999 _c22032
_d22032
003 AR-CdUCM
008 190425b ||||| |||| 00| 0 spa d
040 _aMUNICIPALIDAD PROVINCIAL DEL CUSCO
_cBIBLIOTECA MUNICIPAL DEL CUSCO
082 _aRev.DIO/N°16/1937
245 _aRevista diocesana /
260 _aCusco :
_bTalleres Cusco Imperial,
_c1937.
300 _a368-398 páginas. :
_c20 cm.
440 _aRevista Diocesana.
_nAño II, N°16. 1937
_947205
505 _aContenido: El proyecto de reforma del calendario lo que los católicos deben saber y preconizar sobre este problema. -- Resumen encíclica sobre el Santo Rosario. -- Crónica de la santa vista pastoral...
650 _aDiócesis del Cusco
_946738
650 _aCatolicismo
_92175
650 _aCatecismo
_924778
700 _aRecharte, José Ángel
_946739
942 _2ddc
_cPP
945 _arac